| 000 | 00397nam a2200157Ia 4500 | ||
|---|---|---|---|
| 008 | 220216s9999 xx 000 0 und d | ||
| 100 | _aSamus M A | ||
| 245 | 0 | _aCrosslink analysis of NR degradation | |
| 260 |
_bRubber and Plastics News _c2000 |
||
| 300 | _a23-26 | ||
| 500 | _aSource Year: 2000 | ||
| 650 | _aCrosslink analysis | ||
| 650 | _aNR degradation | ||
| 856 | _uRAPRA | ||
| 942 | _cJS | ||
| 999 |
_c56561 _d56561 |
||